Vícerozměrné ukazatele způsobilosti

Viacrozmerné ukazovatele a príslušné indexy v hodnotení spôsobilosti technologických procesov. Špeciálne viacrozmerné indexy spôsobilosti. Ukážka zobecnenia metodiky pre k- rozmerný ukazovateľ kvality včítane príslušnej grafickej metódy. Použitie programu CAPA určeného pre komplexné hodnotenie ľubov...

Description complète

Enregistré dans:
Détails bibliographiques
Auteur principal: Tošenovský, Josef
Format: Chapitre de livre
Langue:tchèque
Sujets:
Tags: Ajouter un tag
Pas de tags, Soyez le premier à ajouter un tag!

MARC

LEADER 00000naa a2200000 4500
001 r038201
005 20231002065455.1
041 0 |a cze 
044 |a SK 
245 1 0 |a Vícerozměrné ukazatele způsobilosti  |c Josef Tošenovský 
520 |a Viacrozmerné ukazovatele a príslušné indexy v hodnotení spôsobilosti technologických procesov. Špeciálne viacrozmerné indexy spôsobilosti. Ukážka zobecnenia metodiky pre k- rozmerný ukazovateľ kvality včítane príslušnej grafickej metódy. Použitie programu CAPA určeného pre komplexné hodnotenie ľubovoľného ukazovateľa kvality. 
610 2 0 |a ukazovatele 
610 2 0 |a indexy 
610 2 0 |a technológia 
610 2 0 |a kvalita 
610 2 0 |a metodika 
100 1 |a Tošenovský, Josef